| 000 | 00338nam a22001337a 4500 | ||
|---|---|---|---|
| 020 | _qHB. | ||
| 040 | _cFIZZA ISHAQ | ||
| 082 |
_a005.82 _bBRU |
||
| 100 |
_aSCHNEIER, BRUCE. _989156 |
||
| 245 |
_aAPPLIED CPYPTOGRAPHY / _cBRUCE SCHNEIER. |
||
| 260 |
_aCANADA ; _bWILEY, _c2015. |
||
| 300 | _a758 P. ; | ||
| 942 |
_2ddc _cBK |
||
| 999 |
_c587976 _d587976 |
||